Last 10 NBA finals MVPS - Statistics

General Stats
  • This quiz has been taken 48 times
  • The average score is 13 of 15
Answer Stats
Hint Answer % Correct
2020 (Los Angeles Lakers) LeBron James
100%
2016 (Cleveland Cavaliers) LeBron James
100%
2013 (Miami Heat) LeBron James
100%
2012 (Miami Heat) LeBron James
100%
2022 (Golden State Warriors) Stephen Curry
100%
2023 (Denver Nuggets) Nikola Jokic
97%
2021 (Milwaukee Bucks) Giannis Antetokounmpo
91%
2018 (Golden State Warriors) Kevin Durant
88%
2017 (Golden State Warriors) Kevin Durant
88%
2019 (Toronto Raptors) Kawhi Leonard
85%
2014 (San Antonio Spurs) Kawhi Leonard
85%
2024 (Celtics) Jaylen Brown
82%
2015 (Golden State Warriors) Andre Iguodala
76%
2011 (Dallas Mavericks) Dirk Nowitzki
74%
2010 (Los Angeles Lakers) Kobe Bryant
74%
No matching quizzes found
Score Distribution
Percent of People with Each Score
Percentile by Number Answered
Your Score History
You have not taken this quiz